Ako zvýšiť kilogramové ceny?

Pokles úrovne exportnej schopnosti čs. ekonomiky a pokles exportnej spôsobilosti najmä v oblasti strojárstva a elektrotechniky. Vývoj kilogramových cien strojárskeho dovozu z kapitalistických krajín. Nízka produktivita práce a výkonnosti strojov v strojárskom komplexe ČSFR. Potreba liberalizácie zah...

Descrizione completa

Salvato in:
Dettagli Bibliografici
Autore principale: Baláž, Vladimír
Natura: Capitolo di libro
Lingua:slovacco
Soggetti:
Tags: Aggiungi Tag
Nessun Tag, puoi essere il primo ad aggiungerne!!

MARC

LEADER 00000naa a2200000 4500
001 r003049
005 20220819174937.8
041 0 |a slo 
044 |a [CS] 
245 1 0 |a Ako zvýšiť kilogramové ceny?  |c Vladimír Baláž 
520 |a Pokles úrovne exportnej schopnosti čs. ekonomiky a pokles exportnej spôsobilosti najmä v oblasti strojárstva a elektrotechniky. Vývoj kilogramových cien strojárskeho dovozu z kapitalistických krajín. Nízka produktivita práce a výkonnosti strojov v strojárskom komplexe ČSFR. Potreba liberalizácie zahraničného obchodu. 
610 2 0 |a vývoz 
610 2 0 |a ČSFR 
610 2 0 |a priemysel strojársky 
610 2 0 |a elektrotechnika 
610 2 0 |a ceny zahraničnoobchodné 
610 2 0 |a dovoz 
610 2 0 |a Západ 
610 2 0 |a produktivita práce 
610 2 0 |a obchod zahraničný 
610 2 0 |a liberalizácia 
100 1 |a Baláž, Vladimír